Lituma en Los Andes

Guardat en:
Dades bibliogràfiques
Autor principal: Vargas Llosa, Mario (Autor)
Format: Llibre
Idioma:espanyol
Publicat: Barcelona Planeta 2001
Col·lecció:Autores Españoles e Iberoamericanos
Matèries:
Etiquetes: Afegir etiqueta
Sense etiquetes, Sigues el primer a etiquetar aquest registre!

MARC

LEADER 00000nam a2200000 a 4500
001 UCM8589
003 CL-VaPUC
008 030321e20010300SP |||||||||||||||||spa|d
082 0 4 |a Pe863  |b VAR  |2 21 
100 0 |a Vargas Llosa, Mario  |e author  |9 318800 
245 1 0 |a Lituma en Los Andes 
300 |a 312 p 
942 |c BK 
945 |d 20030321 00:00:00  |a vberengu 
260 |a Barcelona  |b Planeta  |c 2001 
500 |a Premio Planeta 1993 
650 7 |a NOVELAS PERUANAS  |2 CL-VaPUC  |9 474653 
650 0 |a Literatura peruana  |9 257452 
583 |a last modification  |c 20030321 00:00:00  |k Rodrigo Vera 
490 0 |a Autores Españoles e Iberoamericanos 
999 |c 303051  |d 303049 
952 |0 0  |1 0  |4 0  |6 PE_863_000000000000000_VAR_2001  |7 0  |8 A  |9 364003  |a BIBEDU  |b BIBEDU  |d 2019-11-21  |i 3886026  |l 1  |o Pe863 VAR 2001  |p 3886026  |r 2024-09-06  |s 2024-07-31  |w 2019-11-21  |y BK  |k LIT